00363nam a2200145Ia 4500008004100000020001800041041000800059082001800067100003300085245003700118250000600155260003100161300001000192650001500202210716s2003 xx 000 0 und d a9780340860076 aeng a155.9042 LOOT aLooker, Terry;Gregson, Olga. aTeach yourself managing stress. a1 aLondonbMc Graw Hillc2003 ax,214 aPsychology